000 00241nam a22001097a 4500
082 _a537 BAS'C
100 _aCHAPMAN, J. M
_966508
245 _aBASIC ELECTRICITY PART-1
250 _aV-1
260 _aNEWYORK
_bTECHNICAL
_c1968
942 _cBK
999 _c584193
_d584193